Countries at 20°S Latitude - Statistics

General Stats
  • This quiz has been taken 83 times
  • The average score is 11 of 11
Answer Stats
Country % Correct
Australia
100%
Botswana
99%
Brazil
99%
Chile
99%
Namibia
99%
Bolivia
97%
Mozambique
97%
Zimbabwe
97%
Madagascar
95%
Paraguay
95%
Mauritius
80%
No matching quizzes found
Score Distribution
Percent of People with Each Score
Percentile by Number Answered
Your Score History
You have not taken this quiz